| 000 | 00998nam a22003017a 4500 | ||
|---|---|---|---|
| 003 | CHAP | ||
| 005 | 20220329135540.0 | ||
| 008 | 971013s1974 r 00010 d | ||
| 010 | _a38321 | ||
| 011 | _a39293 | ||
| 035 | _a43413 | ||
| 040 | _cCHAP | ||
| 082 |
_a631.7 _bP43 |
||
| 100 | 0 | 0 |
_aPedrero Nieto, Rafael. _986549 |
| 245 |
_aRiego por goteo _b: condiciones de ventaja económica y perspectivas como tecnología eficiente en el uso del agua |
||
| 260 |
_a(s.l.) : _bComisión Coordinadora del Sector Agropecuario, _c1974 |
||
| 300 | _a104 p. | ||
| 490 |
_aNota técnica _v; 3 |
||
| 590 |
_aBATCH-UPD _b10 _c20130110 _lUCH01 _h1120 |
||
| 590 |
_aBATCH-UPD _b10 _c20130410 _lUCH01 _h0710 |
||
| 590 |
_aBATCH-UPD _b10 _c20130914 _lUCH01 _h1905 |
||
| 590 |
_aCONVERSION _b10 _c20130109 _lUCH01 _h1321 |
||
| 650 | 1 | 4 |
_aRiego por goteo. _997380 |
| 830 | 0 |
_aNota técnica _v; 3 _981862 |
|
| 901 | _aBK | ||
| 942 | _cLIBRO | ||
| 949 |
_a631.7 P43 _bBC _cLIBRO _d33724000889630 _eLIBRO _h60847 _i43413 _mD _so |
||
| 999 |
_c38321 _d38321 |
||